书目信息 |
| 题名: |
常用国外化工产品辞典
|
|
| 作者: | 吴礼贤 编 | |
| 分册: | ||
| 出版信息: | 成都 四川科学技术出版社 1988.12 |
|
| 页数: | 384页 | |
| 开本: | 19厘米 | |
| 丛书名: | ||
| 单 册: | ||
| 中图分类: | TQ07-61 | |
| 科图分类: | ||
| 主题词: | 化工产品--词典 | |
| 电子资源: | ||
| ISBN: | 978-7-5364-0395-6 | |
| 000 | 00631cam0 2200217 450 | |
| 001 | 0100272631 | |
| 005 | 20060614100543.0 | |
| 010 | @a978-7-5364-0395-6@dCNY4.50 | |
| 100 | @a19901017d1988 m y0chiy0110 ea | |
| 101 | 0 | @achi |
| 102 | @aCN@b510000 | |
| 105 | @ay e 000yy | |
| 106 | @ar | |
| 200 | 1 | @a常用国外化工产品辞典@9Chang Yong Guo Wai Hua Gong Chan Pin Ci Dian @f吴礼贤等编@b专著 |
| 210 | @a成都@c四川科学技术出版社@d1988.12 | |
| 215 | @a384页@d19厘米 | |
| 606 | 0 | @a化工产品@x词典 |
| 690 | @aTQ07-61@v1980 | |
| 701 | 0 | @a吴礼贤@9wu li xian@4编 |
| 801 | 0 | @aCN@bAiZhiMarc@c19901017 |
| 905 | @aBZT@dTQ07@e2@f4@sTQ07/2 | |
| 常用国外化工产品辞典/吴礼贤等编.-成都:四川科学技术出版社,1988.12 |
| 384页;19厘米 |
| ISBN 978-7-5364-0395-6:CNY4.50 |
| ● |
| 相关链接 |
|
|
|
正题名:常用国外化工产品辞典
索取号:TQ07/2
 
预约/预借
| 序号 | 登录号 | 条形码 | 馆藏地/架位号 | 状态 | 备注 |
| 1 | 2000113166 | 2000113166 | 旧书回溯/ [索取号:TQ07/2] | 在馆 | |
| 2 | 2000113167 | 2000113167 | 旧书回溯/ [索取号:TQ07/2] | 在馆 | |
| 3 | 2000113168 | 2000113168 | 旧书回溯/ [索取号:TQ07/2] | 在馆 | |
| 4 | 2000113169 | 2000113169 | 旧书回溯/ [索取号:TQ07/2] | 在馆 |